Stranger Things fan Quiz - Statistics

General Stats
  • This quiz has been taken 1,378 times
  • The average score is 12 of 15
Answer Stats
% Correct
Nancy and Mike's Last Name Wheeler
98%
Mike's Best Friend Will
98%
Nickname For Eleven El
97%
New Girl Maxine
91%
Who Found Dart Dustin
90%
Who Plays Eleven Millie Bobby Brown
87%
Who Plays Mike Finn Wolfhard
85%
City That This Takes Place Hawkins
85%
How Many Seasons Are There 2
81%
What Did Eleven Steal Eggos
81%
What Was Will's Fort In The Woods Called Castle Byers
73%
Dustin's Name For The Monsters Demo-Dogs
67%
The One Who's Against Eleven Lucas
62%
Where Was Dart Found Trash Can
62%
Monsters That Take Over The Lab Demogorgons
48%
No matching quizzes found
Score Distribution
Percent of People with Each Score
Percentile by Number Answered
Your Score History
You have not taken this quiz